000 00850cam a2200229 4500
999 _c126295
_d126295
001 4614966
003 ARRUPE
005 20170316110939.0
008 710315t19711970nyuac b 001 0 eng
010 _a 77135202
040 _aDLC
_cDLC
_dDLC
050 0 0 _aJN1129.C7
_bB54
082 0 0 _a329.9/42
100 1 _aBlake, Robert,
_d1916-2003.
_929423
245 1 4 _aThe Conservative Party from Peel to Churchill,
_cRobert Blake
260 _aLondon,
_bFontana/Collins
_c1972
300 _axii, 305 p.
_c18 cm.
504 _aIncludes bibliographical references.
610 2 0 _aConservative Party (Great Britain)
_xHistory.
_929424
906 _a7
_bcbc
_corignew
_d2
_encip
_f19
_gy-gencatlg
942 _2lcc
_cMONOGRAPH